01301 a2200229 45000010006000000050017000060080041000230030015000640400040000790800099001192450127002180200018003452640053003633000019004165050432004350410008008679420007008755900036008821000026009189990015009449520112009593783520260407155645.0260407a1996 arg spa dAR-UNSa-BCEJYS aAR-UNSa-BCEJYSbspacAR-UNSa-BCEJYS a341.24xActos jurídicos internacionales. Acuerdos internacionales. Tratados internacionales 10aCódigo del MercosurpTratado, Protocolos, Acuerdos, Declaraciones, Decisiones, Resoluciones, Directivas, Recomendaciones a950-9385-41-7 1aBuenos Aires :bEdiciones Ciudad Argentinac1996 a934 p.c24 cm. a1. ¿Qué es el Mercosur? - 2. ¿Por qué es el Mercosur un sistema? - 3. ¿De donde viene el Mercosur? - 4. ¿En que situación se encuentra el Mercosur? - 5. ¿Hacia donde va el Mercosur? - 6. ¿Por qué su normativa compone un código? - 7. ¿Cuál es el alcance del Código del Mercosur como ordenamiento jurídico? - 8. ¿Cuál es la estructura análitica del ordenamiento jurídico del Mercosur? - 9.Normativa aspa cBK aniveau_biblio:m niveau_hierar:01 aDromi, José Roberto c2813d2813 00104070aBCEJYSbBCEJYSc16d2026-04-07l0o341.24 D786 v.1pL125678r2026-04-07 15:56:45w2026-04-07yL